Brave new world ? City of London office property and the financial services revolution: an Estates Times Property Research Report (Record no. 92254)

MARC details
000 -LEADER
fixed length control field 00560cam a2200193 4500
001 - CONTROL NUMBER
control field B2091
008 - FIXED-LENGTH DATA ELEMENTS--GENERAL INFORMATION
fixed length control field 090401t1985 xxu||||| |||| 00| 0 eng d
035 ## - SYSTEM CONTROL NUMBER
System control number (Sirsi) u47961
041 ## - LANGUAGE CODE
Language code of text/sound track or separate title eng
050 ## - LIBRARY OF CONGRESS CALL NUMBER
Classification number 333.337094212
100 ## - MAIN ENTRY--PERSONAL NAME
Personal name Whelan, Christine
245 ## - TITLE STATEMENT
Title Brave new world ? City of London office property and the financial services revolution: an Estates Times Property Research Report
260 ## - PUBLICATION, DISTRIBUTION, ETC.
Place of publication, distribution, etc. London
Name of publisher, distributor, etc. Estates Times
Date of publication, distribution, etc. 1985
300 ## - PHYSICAL DESCRIPTION
Extent 52p. : ill.,maps ; 28cm.
350 ## - PRICE (NR) (BK AM CF MU VM SE) [OBSOLETE]
Price 55
650 ## - SUBJECT ADDED ENTRY--TOPICAL TERM
Topical term or geographic name entry element OFFICES
942 ## - ADDED ENTRY ELEMENTS (KOHA)
Suppress in OPAC 0
948 ## - LOCAL PROCESSING INFORMATION (OCLC); SERIES PART DESIGNATOR (RLIN)
c (OCLC) 04/03/1997
Holdings
Withdrawn status Lost status Source of classification or shelving scheme Damaged status Not for loan Home library Current library Shelving location Date acquired Cost, normal purchase price Total Checkouts Full call number Barcode Date last seen Copy number Cost, replacement price Price effective from Koha item type
    Dewey Decimal Classification     London London Basement 14/09/1999 55.00   SHELF 321 30001193 06/08/2019 1 55.00 06/08/2019 Book